Teljesen átformálta nézeteimet... Beszélgetés a Mária evangéliuma rockopera főszereplőjével

Bibliographic Details
Main Author: Derzsi, György, 1973- (Author)
Format: Article
Language:Hungarian
PhysicalDescription:Fotogr. 1
Subjects:

MARC

LEADER 00000nab a2200000 a 4500
001 vtls000530024
003 SK-MaSNL
005 20260318132829.0
008 160216c1994 xo 0 hun
015 |a SNBRB19rr/mm-uuuuu 
035 |a CL0530162 
040 |a SNKBUCL  |b slo  |c SNKBUCL  |e AACR2 
041 0 |a hun 
044 |a xo  |c SK 
080 |a 792.071.2  |2 1981 
080 |a 323.15(437.6=945.11)  |2 1981 
100 1 |a Derzsi, György,  |d 1973-  |4 aut  |9 846882 
245 1 0 |a Teljesen átformálta nézeteimet...  |b Beszélgetés a Mária evangéliuma rockopera főszereplőjével  |c György Derzsi 
300 |b Fotogr. 1 
600 1 7 |a Derzsi, György  |d 1973-  |x rozhovory  |2 snkbucl  |9 987073 
600 1 7 |a Tolcsvay, László  |d ?-  |x Evanjelium o Márii - Jókaiho divadlo, Komárno - rozhovory  |2 snkbucl  |9 1225422 
610 2 7 |a Jókaiho divadlo v Komárne - Komáromi Jókai Színház  |2 snkbucl  |9 32950 
655 7 |a články z novín a časopisov  |2 snkbucl  |9 267496 
773 0 |t Remény  |g Roč. 5, č. 40 (1994), s. 6 
850 |a Slovenská národná knižnica v Martine  |a DSG001 
852 |a SNK  |b KIS3GCP 
958 |a BX 
958 |a RK 
958 |a HU 
992 |a RBX 
999 |c 2154191  |d 2156121